00884nam a22002537a 450000500170000001000110001702000100002803500110003803700160004904000120006508200160007710000270009324500700012026000660019027000430025630000320029950000510033165000220038265000310040470000300043594200250046599900190049095201210050920170124110051.0 a994261 c00.00 a994261 bCen Lib/Ret aDPLbEN a658.15bMOH aMohammad Mohsin925492 aCorporation finance /cby Mohammad Mohsin [and] Khan Masood Ahmad aNew DelhibTata McGraw-Hill Publishing Company Limited c1980 a12/4, Asaf Ali RoadbNew Delhie110002 axii,403p. :c24cm(Hb)bill. aIncludes bibliographical references and index. aMangement 925493 aFinance management 925494 a Khan Masood Ahmad925488 2ddccENh658.15mMOH c129126d129126 00104070aLbLd2015-07-04eCen Lib/Retg0.00l0o658.15 MOHp994261r2015-07-04 00:00:00t1v0.00w2015-07-04yEN